Programa de religión y moral (Record no. 48661)

MARC details
000 -LEADER
campo de control de longitud fija 00605nam a22001815i 4500
001 - NÚMERO DE CONTROL
campo de control 48661
003 - IDENTIFICADOR DE NÚMERO DE CONTROL
campo de control ES-MaACL
005 - FECHA Y HORA DE LA ÚLTIMA TRANSACCIÓN
campo de control 20230906161808.0
007 - CAMPO FIJO DE DESCRIPCIÓN FÍSICA--INFORMACIÓN GENERAL
campo de control de longitud fija t|
008 - DATOS DE LONGITUD FIJA--INFORMACIÓN GENERAL
campo de control de longitud fija 940202s1853 sp ||||1| spa d
040 ## - FUENTE DE CATALOGACIÓN
Centro catalogador/agencia de origen CAM
Lengua de catalogación spa
100 1# - ENTRADA PRINCIPAL--NOMBRE DE PERSONA
Nombre de persona Díaz de Baeza, Juan.
9 (RLIN) 44215
245 10 - MENCIÓN DEL TÍTULO
Título Programa de religión y moral
Resto del título : que cumpliendo con lo dispuesto en el art. 154 del reglamento de estudios de 1847 /
Mención de responsabilidad, etc. publicó el presbítero Juan Díiaz de Baeza.
250 ## - MENCION DE EDICION
Mención de edición 2ª ed.
260 ## - PUBLICACIÓN, DISTRIBUCIÓN, ETC.
Lugar de publicación, distribución, etc. Madrid :
Nombre del editor, distribuidor, etc. [s.n.],
Fecha de publicación, distribución, etc. 1853 (
Fabricante Imp. de Joaquín Muñoz)
300 ## - DESCRIPCIÓN FÍSICA
Extensión 168 p. ;
Dimensiones 16 cm.
852 ## - LOCALIZACIÓN
Ubicación ES-MaACL
Número de control de estantería D-3854
Holdings
Estatus retirado Estado de pérdida Estado de daño No para préstamo Colección Biblioteca de origen Biblioteca actual Ubicación en estantería Fecha de adquisición Fuente de adquisición Total de préstamos Signatura topográfica completa Código de barras Visto por última vez Precio de reemplazo Tipo de ítem Koha
        Libros del s. XIX Biblioteca del Ateneo de Madrid Biblioteca del Ateneo de Madrid Sala Valle Inclán 17/01/2008     D-3854 901051207 23/02/2023 23/02/2023 Libro impreso antiguo